000 00631nam a2200241Ia 4500
003 OSt
005 20221005070040.0
006 a|||||r|||| 00| 0
007 ta
008 221004b |||||||| |||| 00| 0 mar d
024 _a40131
037 _cTextual
040 _aCRL
_cCRL
_bmar
041 _2mar
_amar
082 _aO152,1I00w, 155K7
100 _aTiwari Parasnath
245 0 _aKabir
260 _aMumbai
_bNational book trust India
300 _a122p.
_ccm.
650 _aHINDI LITERATURE
_923866
942 _hO152,1I00w, 155K7
_cTEXL
_2cc
999 _c975583
_d975583